000 00322nam a2200121Ia 4500
008 170224s9999 xx 000 0 und d
245 _aInnovative nursing care models and culture of health: Early evidence
260 _bNursing Outlook
260 _c2016
300 _a64:4
500 _aJuly-August
650 _xNursing.
999 _c317019
_d317019